[Event "ODJM A 2017"]
[Site "Willingen GER"]
[Date "2017.06.04"]
[Round "1"]
[White "Loßin, Charlotte"]
[Black "Arnold, Leander"]
[Result "1/2-1/2"]
[Termination "normal"]
[Board "81"]
[WhiteElo "1524"]
[BlackElo "1625"]
[PlyCount "64"]
[WhiteFideId "16218345"]
[BlackFideId "12990230"]
[EventCountry "GER"]
[EventRounds "9"]
[EventType "swiss"]
[EventDate "2017.06.03"]

1. d4 Nf6 2. c4 g6 3. Nc3 Bg7 4. Bg5 O-O 5. Qd2 d6 6. e4 c5 7. d5 Na6 8. Nf3
Nc7 9. Bh6 a6 10. a4 b5 11. axb5 axb5 12. Rxa8 Nxa8 13. Nxb5 Nxe4 14. Qe3 Nf6
15. Bxg7 Kxg7 16. Be2 Nb6 17. O-O Ba6 18. Na3 Nbd7 19. Ra1 Re8 20. Nc2 Qb6 21.
b4 e6 22. dxe6 Rxe6 23. Qd2 Ne4 24. Qe1 Ndf6 25. b5 Bb7 26. Qa5 Qxa5 27. Rxa5
Nd2 28. Ne3 Bxf3 29. gxf3 Nb3 30. Ra7 Nd4 31. Kf1 Re8 32. Bd1 Kf8 1/2-1/2